[Event "Politiken Cup 27th"]
[Site "Copenhagen"]
[Date "2005.07.21"]
[Round "7"]
[White "Bryn, Thomas"]
[Black "Malmberg, Mio"]
[Result "1/2-1/2"]
[WhiteElo "1989"]
[BlackElo "2103"]
[PlyCount "83"]
[EventDate "2005.07.16"]
[EventType "swiss"]
[EventRounds "10"]
[EventCountry "DEN"]
[SourceTitle "CBM 107 Extra"]
[Source "ChessBase"]
[SourceDate "2005.09.01"]
[SourceVersion "1"]
[SourceVersionDate "2005.09.01"]
[SourceQuality "1"]

1. e4 e6 2. d4 d5 3. Nc3 Bb4 4. e5 c5 5. a3 Ba5 6. b4 cxd4 7. Nb5 Bc7 8. f4 Bd7 9. Nf3 Ne7 10. Nxc7+ Qxc7 11. Bd3 a6 12. Bb2 Nbc6 13. 0-0 h6 14. Qe1 0-0 15. Kh1 f5 16. exf6 Rxf6 17. g3 Nf5 18. Rf2 Qb6 19. Rd1 Re8 20. Bxf5 exf5 21. Re2 Re4 22. Qf2 Be8 23. Bxd4 Nxd4 24. Rxd4 Rxe2 25. Qxe2 Bh5 26. Rd3 Re6 27. Qd2 Bxf3+ 28. Rxf3 d4 29. Rd3 Re4 30. Kg2 Qc6 31. Kh3 Qe8 32. g4 Re2 33. Qd1 fxg4+ 34. Kg3 h5 35. Qh1 Qe6 36. Qxb7 h4+ 37. Kxh4 Rxh2+ 38. Kg3 Rh3+ 39. Kf2 Rh2+ 40. Kg3 Rh3+ 41. Kf2 Rh2+ 42. Kg3 1/2-1/2

[Event "Politiken Cup 27th"]
[Site "Copenhagen"]
[Date "2005.07.19"]
[Round "5"]
[White "Ostergaard, Rasmus"]
[Black "Malmberg, Mio"]
[Result "1/2-1/2"]
[WhiteElo "2184"]
[BlackElo "2103"]
[PlyCount "88"]
[EventDate "2005.07.16"]
[EventType "swiss"]
[EventRounds "10"]
[EventCountry "DEN"]
[SourceTitle "CBM 107 Extra"]
[Source "ChessBase"]
[SourceDate "2005.09.01"]
[SourceVersion "1"]
[SourceVersionDate "2005.09.01"]
[SourceQuality "1"]

1. d4 e6 2. c4 b6 3. Nc3 Bb7 4. a3 f5 5. d5 Na6 6. g3 Nf6 7. Bg2 Bd6 8. Nh3 Nc5 9. 0-0 0-0 10. b4 Be5 11. Bb2 Nce4 12. Qc2 Bxc3 13. Bxc3 exd5 14. cxd5 Bxd5 15. Bxf6 Rxf6 16. Ng5 Rc6 17. Qd1 Rd6 18. Nxe4 Bxe4 19. Qb3+ Kh8 20. Bxe4 fxe4 21. Rac1 c6 22. Rc4 Qe8 23. Qe3 Re6 24. Rd1 Rd8 25. Rcd4 Qe7 26. Qf4 d6 27. h4 h6 28. Qc1 Qe8 29. Qf4 Qe7 30. Qc1 Qf6 31. Qxc6 Rf8 32. f4 exf3 33. Qxf3 Qe7 34. Rf4 Rxf4 35. Qxf4 Rf6 36. Qd2 Qe5 37. Qd3 Re6 38. Kf2 Qf6+ 39. Kg2 Qe7 40. Kf2 Rf6+ 41. Kg2 Re6 42. Kf2 d5 43. Rd2 Re5 44. Rc2 Qd7 1/2-1/2

[Event "Politiken Cup 27th"]
[Site "Copenhagen"]
[Date "2005.07.17"]
[Round "3"]
[White "Bjornsson, Sigurbjorn"]
[Black "Malmberg, Mio"]
[Result "1-0"]
[WhiteElo "2346"]
[BlackElo "2103"]
[PlyCount "81"]
[EventDate "2005.07.16"]
[EventType "swiss"]
[EventRounds "10"]
[EventCountry "DEN"]
[SourceTitle "CBM 107 Extra"]
[Source "ChessBase"]
[SourceDate "2005.09.01"]
[SourceVersion "1"]
[SourceVersionDate "2005.09.01"]
[SourceQuality "1"]

1. e4 e6 2. d4 d5 3. Nc3 Bb4 4. e5 c5 5. a3 Ba5 6. Bd2 Nc6 7. dxc5 Nxe5 8. Nf3 Qf6 9. Bb5+ Kf8 10. Qe2 Nxf3+ 11. gxf3 Ne7 12. 0-0-0 Bc7 13. Kb1 a6 14. Ba4 Bf4 15. Ne4 Qe5 16. Bc3 Qc7 17. Rhg1 Rg8 18. Rg4 dxe4 19. Qxe4 Bxh2 20. Be5 Bxe5 21. Qxe5 Qa5 22. c6 Nxc6 23. Qxa5 Nxa5 24. Rd8+ Ke7 25. Rxg8 b5 26. b4 Nc4 27. Bb3 Nd2+ 28. Kb2 Nxb3 29. Kxb3 g6 30. Kc3 e5 31. Re4 Kd6 32. f4 f6 33. fxe5+ fxe5 34. Rh4 Bb7 35. Rxa8 Bxa8 36. Rxh7 Ke6 37. Ra7 Bd5 38. Rxa6+ Kf5 39. Kd2 g5 40. Ke3 Bc4 41. Rc6 1-0

[Event "Politiken Cup 27th"]
[Site "Copenhagen"]
[Date "2005.07.17"]
[Round "2"]
[White "Malmberg, Mio"]
[Black "Hjelm, Niclas"]
[Result "1/2-1/2"]
[WhiteElo "2103"]
[BlackElo "2333"]
[PlyCount "99"]
[EventDate "2005.07.16"]
[EventType "swiss"]
[EventRounds "10"]
[EventCountry "DEN"]
[SourceTitle "CBM 107 Extra"]
[Source "ChessBase"]
[SourceDate "2005.09.01"]
[SourceVersion "1"]
[SourceVersionDate "2005.09.01"]
[SourceQuality "1"]

1. c4 e5 2. g3 Nc6 3. Bg2 Nf6 4. Nc3 Bb4 5. Nd5 a5 6. e3 0-0 7. a3 Be7 8. Ne2 d6 9. Qc2 Bg4 10. Nec3 Qd7 11. Nxf6+ Bxf6 12. Nd5 Bd8 13. b3 Rb8 14. Bb2 Ne7 15. Nxe7+ Bxe7 16. 0-0 Bf5 17. Be4 Bxe4 18. Qxe4 c6 19. Qd3 Bf6 20. f4 e4 21. Qc2 Bxb2 22. Qxb2 d5 23. c5 d4 24. b4 axb4 25. Qxb4 Rfd8 26. a4 dxe3 27. dxe3 Qd3 28. Ra3 Qd5 29. f5 Qe5 30. Rf4 Rd1+ 31. Kg2 Rbd8 32. Ra2 Re8 33. a5 Rd7 34. Ra4 Rde7 35. a6 bxa6 36. Rxa6 Qd5 37. Qa3 h5 38. Kh3 f6 39. Ra8 Rxa8 40. Qxa8+ Kf7 41. Qh8 Qd1 42. Kh4 Qd2 43. Qxh5+ Kg8 44. Kh3 Qxe3 45. Rh4 Qf3 46. Qh7+ Kf7 47. Qg6+ Kg8 48. Qh7+ Kf7 49. Qg6+ Kg8 50. Qh7+ 1/2-1/2

[Event "Politiken Cup 26th"]
[Site "Copenhagen"]
[Date "2004.07.28"]
[Round "6"]
[White "Larsen, Karsten"]
[Black "Malmberg, Mio"]
[Result "1-0"]
[WhiteElo "2302"]
[BlackElo "2114"]
[PlyCount "153"]
[EventDate "2004.07.24"]
[EventType "swiss"]
[EventRounds "10"]
[EventCountry "DEN"]
[SourceTitle "CBM 101 Extra"]
[Source "ChessBase"]
[SourceDate "2004.09.01"]
[SourceVersion "2"]
[SourceVersionDate "2004.09.01"]
[SourceQuality "1"]

1. g3 c5 2. Bg2 Nc6 3. d3 g6 4. f4 Bg7 5. Nf3 e6 6. e4 Nge7 7. c3 d5 8. 0-0 0-0 9. Qe2 b6 10. e5 Nf5 11. g4 Nh4 12. Nxh4 Qxh4 13. Nd2 f6 14. exf6 Qxf6 15. Nf3 Bd7 16. Bd2 Rae8 17. Rae1 e5 18. Nxe5 Nxe5 19. fxe5 Qxe5 20. Rxf8+ Kxf8 21. Qf3+ Qf6 22. Qxf6+ Bxf6 23. Bh6+ Kf7 24. Bxd5+ Be6 25. Rxe6 Rxe6 26. Bf4 Ke7 27. Bxe6 Kxe6 28. Kf2 b5 29. Ke3 Kd5 30. Kd2 a6 31. b3 c4 32. Bc7 Bg5+ 33. Kc2 Be3 34. Bd8 Bf4 35. h3 Be3 36. Bf6 Bf4 37. Bg7 Bg5 38. Bd4 Bf4 39. Bh8 Bg5 40. Bg7 Bf4 41. Bd4 Bg5 42. Bf2 Bh6 43. Be1 Be3 44. Bd2 Bf2 45. Bf4 Bc5 46. Kd2 Bb6 47. Be3 Bd8 48. Bd4 Bg5+ 49. Be3 Bd8 50. Ke2 Bc7 51. dxc4+ bxc4 52. b4 Be5 53. Bd2 Bf6 54. Kf3 Be5 55. a4 Bf6 56. Be1 Be5 57. Ke2 Kc6 58. Ke3 Kd5 59. Kd2 Kc6 60. Bf2 Bf4+ 61. Be3 Be5 62. Bd4 Bf4+ 63. Ke2 Kd5 64. Kf3 Bh2 65. b5 axb5 66. axb5 Bb8 67. b6 Bh2 68. Be3 Kc6 69. Ke4 Bg3 70. Bd4 Bh2 71. Be5 Bg1 72. Bc7 Bf2 73. Bd8 h6 74. Ke5 Be1 75. Kd4 Kb5 76. Bc7 Bf2+ 77. Kd5 1-0

[Event "Politiken Cup 26th"]
[Site "Copenhagen"]
[Date "2004.07.26"]
[Round "4"]
[White "Naes, Flovin Tor"]
[Black "Malmberg, Mio"]
[Result "1-0"]
[WhiteElo "2269"]
[BlackElo "2114"]
[PlyCount "149"]
[EventDate "2004.07.24"]
[EventType "swiss"]
[EventRounds "10"]
[EventCountry "DEN"]
[SourceTitle "CBM 101 Extra"]
[Source "ChessBase"]
[SourceDate "2004.09.01"]
[SourceVersion "2"]
[SourceVersionDate "2004.09.01"]
[SourceQuality "1"]

1. g3 c5 2. c4 Nc6 3. Bg2 g6 4. Nf3 Bg7 5. 0-0 e5 6. Nc3 d6 7. d3 Nge7 8. a3 a5 9. Rb1 0-0 10. Ne1 Be6 11. Nc2 d5 12. cxd5 Nxd5 13. Ne3 Nde7 14. Ne4 b6 15. Ng5 Bc8 16. Bd2 h6 17. Ne4 Rb8 18. Bc3 Be6 19. b4 cxb4 20. axb4 axb4 21. Bxb4 Nxb4 22. Rxb4 Nc6 23. Nf6+ Qxf6 24. Bxc6 Bh3 25. Bg2 Bxg2 26. Nxg2 Rfc8 27. Qb3 Bf8 28. Rb5 Rc5 29. Ne3 Kg7 30. Nc4 Rxb5 31. Qxb5 Bc5 32. Nd2 Qe7 33. Ne4 Bb4 34. Rb1 Ba5 35. Qc6 Rd8 36. Rb5 f5 37. Nc5 Kh7 38. Nb7 Rd7 39. Nxa5 bxa5 40. Rxa5 Rb7 41. Qd5 e4 42. Ra8 Qg7 43. dxe4 Rd7 44. Qc6 Rc7 45. Qa4 fxe4 46. Qxe4 Re7 47. Qc4 Rb7 48. Re8 Rc7 49. Qe4 Ra7 50. Kg2 Rd7 51. h4 h5 52. e3 Rf7 53. Qe5 Qxe5 54. Rxe5 Kg7 55. Re6 Rf5 56. e4 Rf8 57. Rd6 Kf7 58. Kf1 Rb8 59. Ke2 Rb3 60. Rd3 Rb2+ 61. Ke3 Ke6 62. Rd2 Rb8 63. Kf4 Rb5 64. Rd5 Rb2 65. f3 Rb3 66. Rd4 Rb5 67. Rd3 Ra5 68. Rb3 Rc5 69. Rb6+ Kf7 70. Rd6 Rc3 71. e5 Rb3 72. Rf6+ Kg7 73. Kg5 Kh7 74. Rf7+ Kg8 75. Kxg6 1-0

[Event "Politiken Cup 25th"]
[Site "Copenhagen"]
[Date "2003.07.23"]
[Round "9"]
[White "Hartung Nielsen, Jens"]
[Black "Malmberg, Mio"]
[Result "0-1"]
[WhiteElo "2233"]
[BlackElo "2095"]
[PlyCount "76"]
[EventDate "2003.07.14"]
[EventType "swiss"]
[EventRounds "11"]
[EventCountry "DEN"]
[SourceTitle "CBM 095 Extra"]
[Source "ChessBase"]
[SourceDate "2003.09.04"]
[SourceVersion "1"]
[SourceVersionDate "2003.09.04"]
[SourceQuality "1"]

1. d4 e6 2. Nf3 b6 3. Bf4 Bb7 4. e3 f5 5. Bd3 Be7 6. c4 d6 7. Nc3 Nf6 8. Qc2 Na6 9. a3 Nh5 10. Bg3 g6 11. 0-0-0 c5 12. Kb1 Qd7 13. d5 e5 14. e4 f4 15. Bh4 Nc7 16. Qa4 Qxa4 17. Nxa4 Bc8 18. Bxe7 Kxe7 19. Nd2 Bd7 20. Nc3 a6 21. a4 g5 22. Kc2 Nf6 23. Rb1 Ng4 24. Rbf1 h5 25. h3 Nf6 26. g3 g4 27. h4 Rhf8 28. Rb1 a5 29. Rbe1 Na6 30. Nb5 Nb4+ 31. Kc3 Bxb5 32. cxb5 Nd7 33. Rhf1 Rf6 34. Be2 Raf8 35. Rg1 fxg3 36. fxg3 Rf2 37. b3 c4 38. Bxc4 R8f3+ 0-1

[Event "Politiken Cup 25th"]
[Site "Copenhagen"]
[Date "2003.07.20"]
[Round "7"]
[White "Malmberg, Mio"]
[Black "Richards, Heather"]
[Result "0-1"]
[WhiteElo "2095"]
[BlackElo "2233"]
[PlyCount "122"]
[EventDate "2003.07.14"]
[EventType "swiss"]
[EventRounds "11"]
[EventCountry "DEN"]
[SourceTitle "CBM 095 Extra"]
[Source "ChessBase"]
[SourceDate "2003.09.04"]
[SourceVersion "1"]
[SourceVersionDate "2003.09.04"]
[SourceQuality "1"]

1. d4 e6 2. e4 d5 3. exd5 exd5 4. Bd3 Nc6 5. c3 Bd6 6. Ne2 Nge7 7. Bf4 Bg4 8. f3 Bf5 9. 0-0 Qd7 10. a4 0-0 11. Re1 Rfe8 12. Bxd6 Qxd6 13. Ng3 Bxd3 14. Qxd3 Ng6 15. Na3 a6 16. Re3 Nf4 17. Qd2 Qf6 18. Rae1 Rxe3 19. Qxe3 h5 20. Ne2 Ne6 21. Nb1 Ne7 22. Nd2 Nf5 23. Qe5 Qxe5 24. dxe5 Nc5 25. Nf4 Nxa4 26. Nxh5 b5 27. g4 Nh4 28. Rb1 c5 29. Kf2 Rd8 30. Nb3 Ng6 31. f4 Ne7 32. Ng3 Nc6 33. Ne2 g5 34. e6 fxe6 35. fxg5 e5 36. h4 d4 37. cxd4 exd4 38. Nf4 Ne5 39. Re1 Nxg4+ 40. Kf3 Ne3 41. Ne6 Rc8 42. Nbxc5 Nxc5 43. Rc1 Nc4 44. Nxd4 Nxb2 45. h5 Nbd3 46. Rb1 Rf8+ 47. Ke3 Nf4 48. Nxb5 axb5 49. Rxb5 Nce6 50. Re5 Ng7 51. h6 Ne8 52. Ra5 Kh7 53. Ra6 Rf7 54. Kd4 Nc7 55. Ra5 Nce6+ 56. Ke3 Nh3 57. g6+ Kxg6 58. h7 Rxh7 59. Ra8 Nhg5 60. Kf2 Rh3 61. Rg8+ Kf5 0-1

[Event "Politiken Cup 25th"]
[Site "Copenhagen"]
[Date "2003.07.17"]
[Round "4"]
[White "Semcesen, Daniel"]
[Black "Malmberg, Mio"]
[Result "0-1"]
[WhiteElo "2234"]
[BlackElo "2095"]
[PlyCount "70"]
[EventDate "2003.07.14"]
[EventType "swiss"]
[EventRounds "11"]
[EventCountry "DEN"]
[SourceTitle "CBM 095 Extra"]
[Source "ChessBase"]
[SourceDate "2003.09.04"]
[SourceVersion "1"]
[SourceVersionDate "2003.09.04"]
[SourceQuality "1"]

1. e4 e6 2. Qe2 Be7 3. g3 d5 4. d3 Nf6 5. Bg2 c5 6. Nf3 Nc6 7. 0-0 0-0 8. e5 Nd7 9. c4 d4 10. h4 Rb8 11. Re1 h6 12. Nbd2 a6 13. Ne4 Ndxe5 14. Nxe5 Nxe5 15. Bf4 f6 16. Bxe5 fxe5 17. Qh5 Rf5 18. Qg6 Qf8 19. Bh3 Rf3 20. Bxe6+ Kh8 21. Rad1 Bxe6 22. Qxe6 Bxh4 23. gxh4 Qf4 24. Re2 Rf8 25. Kg2 Rf5 26. Rdd2 Qg4+ 27. Ng3 Rxf2+ 28. Rxf2 Rxf2+ 29. Rxf2 Qxe6 30. Re2 b5 31. b3 bxc4 32. bxc4 Qg6 33. Re4 Qf6 34. Nh1 Qb6 35. Re2 Qc6+ 0-1

[Event "Politiken Cup 25th"]
[Site "Copenhagen"]
[Date "2003.07.15"]
[Round "2"]
[White "Naes, Flovin Tor"]
[Black "Malmberg, Mio"]
[Result "1-0"]
[WhiteElo "2330"]
[BlackElo "2095"]
[PlyCount "57"]
[EventDate "2003.07.14"]
[EventType "swiss"]
[EventRounds "11"]
[EventCountry "DEN"]
[SourceTitle "CBM 095 Extra"]
[Source "ChessBase"]
[SourceDate "2003.09.04"]
[SourceVersion "1"]
[SourceVersionDate "2003.09.04"]
[SourceQuality "1"]

1. e4 e6 2. d3 d5 3. Nd2 c5 4. g3 Nc6 5. Bg2 Nf6 6. Ngf3 Be7 7. 0-0 Qc7 8. Re1 b6 9. Qe2 Bb7 10. Nf1 h6 11. Bf4 Qd8 12. h4 d4 13. N1h2 Nd7 14. e5 Qc7 15. c3 dxc3 16. bxc3 Na5 17. Ng4 Bc6 18. Red1 Qb7 19. d4 Nb8 20. Ne3 g5 21. hxg5 hxg5 22. Bxg5 Na6 23. Rab1 Rh5 24. Bxe7 Kxe7 25. d5 exd5 26. Nh4 Rxh4 27. gxh4 d4 28. Nf5+ Ke6 29. Nd6 1-0

[Event "Helsinki ShakkiNet-B 4th"]
[Site "Helsinki"]
[Date "2002.07.01"]
[Round "8"]
[White "Mavrichev, Juri"]
[Black "Malmberg, Mio"]
[Result "0-1"]
[WhiteElo "2115"]
[BlackElo "2088"]
[PlyCount "46"]
[EventDate "2002.06.24"]
[EventType "tourn"]
[EventRounds "11"]
[EventCountry "FIN"]
[SourceTitle "CBM 089 Extra"]
[Source "ChessBase"]
[SourceDate "2002.09.10"]
[SourceVersion "2"]
[SourceVersionDate "2002.09.10"]
[SourceQuality "1"]

1. e4 e6 2. d4 d5 3. Nd2 Nf6 4. e5 Nfd7 5. Bd3 c5 6. c3 Nc6 7. Ne2 cxd4 8. cxd4 f6 9. Nf4 Nxd4 10. Qh5+ Ke7 11. Ng6+ hxg6 12. exf6+ Nxf6 13. Qxh8 Kf7 14. 0-0 e5 15. f3 Nc2 16. Qh4 Nxa1 17. Qg5 Bf5 18. Bxf5 gxf5 19. Qxf5 Rc8 20. Qxe5 Bd6 21. Qf5 Qb6+ 22. Kh1 Qc7 23. Re1 Re8 0-1